| 000 | 00000cam 2200000zi 4500 |
| 001 | 9.955503 |
| 003 | CaOODSP |
| 005 | 20260605133321 |
| 006 | m o d f |
| 007 | cr |n||||||||| |
| 008 | 250918t20252025onc o f|0| 0 eng d |
| 020 | |a9780660790404 |
| 040 | |aCaOODSP|beng|erda|cCaOODSP |
| 043 | |an-cn--- |
| 086 | 1 |aBT53-33/2025E-PDF |
| 245 | 00|aPolicy on the planning and management of investments. |
| 264 | 1|a[Ottawa] : |bTreasury Board of Canada Secretariat = Secrétariat du Conseil du Trésor du Canada, |c2025. |
| 264 | 4|c©2025 |
| 300 | |a1 online resource (44 pages) |
| 336 | |atext|btxt|2rdacontent |
| 337 | |acomputer|bc|2rdamedia |
| 338 | |aonline resource|bcr|2rdacarrier |
| 500 | |aIssued also in French under title: Politique sur la planification et la gestion des investissements. |
| 500 | |aCover title. |
| 500 | |a"Published: 2025-10-02." |
| 500 | |aThe catalogue number (BT53-33/2019E-PDF) and ISBN (978-0-660-31060-2) of a previous edition are printed in this edition. |
| 650 | 0|aInvestments|xGovernment policy|zCanada. |
| 710 | 1 |aCanada. |bTreasury Board, |eissuing body. |
| 775 | 08|tDirective sur la gestion des biens immobiliers.|w(CaOODSP)9.955505 |
| 856 | 40|qPDF|s0.99 MB|uhttps://publications.gc.ca/collections/collection_2026/sct-tbs/BT53-33-2025-eng.pdf |
| 856 | 4 |qHTML|sN/A|uhttps://www.tbs-sct.canada.ca/pol/doc-eng.aspx?id=32593 |